| 000 | 00558nam a2200193Ia 4500 | ||
|---|---|---|---|
| 005 | 20250508161624.0 | ||
| 008 | 008 250505s9999 xx 000 0 eng d | ||
| 037 | _aTextual | ||
| 040 |
_aFEDL _beng _cFEDL |
||
| 041 |
_aeng _2eng |
||
| 084 |
_a353.032, MAS _qFEDL |
||
| 100 |
_aMasters Nicholas A. _9771084 |
||
| 245 | 0 | _aGrowing powers of the presidency | |
| 260 |
_aNew York, USA _bParents' Magazine Press _c1968 |
||
| 300 | _a256p. | ||
| 700 |
_a Baluss Mary E. _9771085 |
||
| 942 |
_cTEXL _h353.032, MAS |
||
| 999 |
_c1371183 _d1371183 |
||